[Event "III. Budapest Open"]
[Site "Budapest, Hungary"]
[Date "2013.08.22"]
[Round "6.5"]
[White "Palla, Akos Botond"]
[Black "Kormos, Adam"]
[Result "1-0"]
[WhiteElo "2054"]
[BlackElo "2198"]
[PlyCount "119"]
[EventDate "2013.??.??"]

1. e4 e5 2. Nf3 Nc6 3. Bb5 a6 4. Ba4 Nf6 5. O-O b5 6. Bb3 Be7 7. Re1 O-O 8. h3
Rb8 9. d3 d6 10. c3 Na5 11. Bc2 c5 12. Nbd2 Nc6 13. Nf1 Re8 14. d4 Qc7 15. Ng3
b4 16. d5 Na5 17. b3 bxc3 18. Qd3 Bd7 19. Qxc3 Rec8 20. Bd2 Bd8 21. Reb1 Qa7
22. Be3 Nb7 23. Bd3 Qa8 24. Nd2 Ba5 25. Qc2 Bxd2 26. Bxd2 Bb5 27. a4 Bxd3 28.
Qxd3 a5 29. Nf5 Rc7 30. Bg5 Ne8 31. Bd2 c4 32. bxc4 Nc5 33. Qc2 g6 34. Rxb8
Qxb8 35. Rb1 Rb7 36. Ne7+ Kf8 37. Rxb7 Qxb7 38. Nc6 Qb3 39. Qxb3 Nxb3 40. Bxa5
Nc5 41. Bb4 Nxa4 42. Nxe5 f5 43. f3 fxe4 44. fxe4 Ke7 45. Nd3 Kd7 46. Kf2 Nb6
47. c5 dxc5 48. Nxc5+ Kc8 49. Ke3 Nc7 50. Kd3 Ncxd5 51. exd5 Nxd5 52. Bd2 Kc7
53. Ke4 Kc6 54. Ne6 Kd6 55. Nf8 Nf6+ 56. Kf3 Kd5 57. Bg5 Ne4 58. Nxh7 Ke5 59.
g4 Kd5 60. Nf6+ 1-0

[Event "III. Budapest Open"]
[Site "Budapest, Hungary"]
[Date "2013.08.22"]
[Round "6.7"]
[White "Alvin, Leo"]
[Black "Ritter, Gabor Dr"]
[Result "0-1"]
[WhiteElo "2005"]
[BlackElo "2108"]
[PlyCount "98"]
[EventDate "2013.??.??"]

1. d4 g6 2. Nf3 Bg7 3. Nc3 d6 4. Bf4 Nd7 5. Qd2 c6 6. e4 e5 7. dxe5 dxe5 8. Bg5
Qc7 9. O-O-O Ngf6 10. Bh6 O-O 11. Bxg7 Kxg7 12. h4 h6 13. Nh2 Nc5 14. f3 Be6
15. Qe3 b6 16. g3 Rad8 17. Be2 Rxd1+ 18. Bxd1 Qd6 19. Re1 Nh5 20. Qf2 Qd4 21.
Qg2 b5 22. Kb1 Rd8 23. Be2 Na4 24. Nxa4 Qxa4 25. b3 Qb4 26. Qf2 Qc3 27. Nf1 a5
28. Bd3 a4 29. Qd2 Qxd2 30. Nxd2 axb3 31. axb3 Nxg3 32. Kb2 Nh5 33. Ra1 Nf4 34.
Kc3 b4+ 35. Kxb4 Nxd3+ 36. cxd3 Rxd3 37. Ra2 c5+ 38. Kxc5 Bxb3 39. Nxb3 Rxb3
40. Rf2 Rd3 41. Kc4 Rd1 42. Rh2 h5 43. Kc5 Kf6 44. Rh3 Ke6 45. Rh2 Rc1+ 46. Kb4
f6 47. Kb5 f5 48. exf5+ Kxf5 49. Rh3 Kf4 0-1

[Event "III. Budapest Open"]
[Site "Budapest, Hungary"]
[Date "2013.08.22"]
[Round "6.9"]
[White "Koncz, Imre"]
[Black "Bodrogi, Laszlo"]
[Result "1/2-1/2"]
[WhiteElo "2181"]
[BlackElo "2015"]
[PlyCount "65"]
[EventDate "2013.??.??"]

1. d4 Nf6 2. c4 e6 3. Nc3 Bb4 4. e3 b6 5. Nge2 Ba6 6. a3 Bxc3+ 7. Nxc3 O-O 8.
b4 c5 9. Be2 d5 10. dxc5 Bxc4 11. cxb6 axb6 12. Bxc4 dxc4 13. Qxd8 Rxd8 14. Bb2
Nc6 15. Ke2 Rd3 16. Rhd1 Rad8 17. h3 e5 18. f3 h5 19. g4 h4 20. Rxd3 cxd3+ 21.
Kd2 g6 22. Rc1 Rd6 23. Nb5 Re6 24. Kxd3 e4+ 25. fxe4 Ne5+ 26. Bxe5 Rxe5 27. Nc3
Nh7 28. Kd4 Re6 29. a4 Ng5 30. Rh1 f6 31. Kc4 Rc6+ 32. Kd4 Nf3+ 33. Kd3 1/2-1/2

[Event "III. Budapest Open"]
[Site "Budapest, Hungary"]
[Date "2013.08.22"]
[Round "6.10"]
[White "Csabai, Viktor"]
[Black "Mester, Attila"]
[Result "0-1"]
[WhiteElo "2034"]
[BlackElo "2073"]
[PlyCount "72"]
[EventDate "2013.??.??"]

1. e4 c5 2. Nc3 a6 3. g3 b5 4. Bg2 Bb7 5. d3 e6 6. f4 d5 7. exd5 exd5 8. Qe2+
Be7 9. Be3 Kf8 10. a3 Nf6 11. Bf2 Nc6 12. Nf3 Qc7 13. O-O Bd6 14. Nh4 Nd4 15.
Bxd4 cxd4 16. Nd1 Re8 17. Qd2 Ng4 18. h3 Ne3 19. Nxe3 dxe3 20. Qc3 Qxc3 21.
bxc3 g6 22. a4 b4 23. Rab1 a5 24. cxb4 Bxb4 25. c3 Bxc3 26. Rxb7 e2 27. Bxd5
exf1=Q+ 28. Kxf1 Re7 29. Rb3 Bb4 30. Nf3 f6 31. g4 Kg7 32. Nd4 Re1+ 33. Kg2
Rhe8 34. f5 R8e3 35. Be4 Ra1 36. Bc6 Ra2+ 0-1

[Event "III. Budapest Open"]
[Site "Budapest, Hungary"]
[Date "2013.08.22"]
[Round "6.11"]
[White "Juhasz, Mark"]
[Black "Adrien, Vincent"]
[Result "1-0"]
[WhiteElo "2154"]
[BlackElo "1994"]
[PlyCount "53"]
[EventDate "2013.??.??"]

1. c4 Nf6 2. g3 e6 3. Bg2 d5 4. Nf3 Be7 5. O-O O-O 6. d4 c6 7. Qc2 b6 8. Ne5
Bb7 9. Nc3 Nbd7 10. e4 c5 11. exd5 exd5 12. cxd5 cxd4 13. Nc6 Bxc6 14. dxc6 Ne5
15. Rd1 d3 16. Qa4 Bc5 17. h3 Rc8 18. Bf4 Re8 19. Re1 Bd4 20. Rad1 a5 21. Bg5
Re6 22. Bxf6 Rxf6 23. Rd2 Nf3+ 24. Bxf3 Rxf3 25. c7 Rxg3+ 26. Kh2 Qf8 27. fxg3
1-0

[Event "III. Budapest Open"]
[Site "Budapest, Hungary"]
[Date "2013.08.22"]
[Round "6.12"]
[White "Bakk, Zoltan"]
[Black "Mihaly, Zoltan"]
[Result "1-0"]
[WhiteElo "2070"]
[BlackElo "1774"]
[PlyCount "101"]
[EventDate "2013.??.??"]

1. d4 b5 2. e4 Bb7 3. Bxb5 Bxe4 4. Nf3 Nf6 5. O-O Nc6 6. Nbd2 Rb8 7. Ba4 Bg6 8.
c3 e6 9. Bxc6 dxc6 10. Qa4 Bd3 11. Re1 Bb5 12. Qa5 c5 13. c4 Bc6 14. d5 Nxd5
15. cxd5 Bxd5 16. Qa4+ Qd7 17. Qxd7+ Kxd7 18. Ne5+ Ke8 19. b3 f6 20. Nec4 Kf7
21. Ba3 Bd6 22. Rac1 Bf4 23. Ne3 Rhd8 24. Red1 Rb5 25. g3 Bd6 26. f4 Ra5 27.
Ndc4 Bxc4 28. Nxc4 Ra6 29. Rc2 Ke7 30. Rcd2 h6 31. Kg2 Rc8 32. Bb2 h5 33. Bc3
h4 34. Kf3 hxg3 35. hxg3 Rg8 36. Re2 Kf7 37. Rde1 Re8 38. f5 e5 39. Ke4 Rh8 40.
Rd1 Rh3 41. Rd3 Rh8 42. g4 g6 43. Red2 gxf5+ 44. Kxf5 Ke7 45. Ne3 Kd7 46. Nd5
Rh1 47. Nxf6+ Ke7 48. g5 Rf1+ 49. Kg6 Kf8 50. Bxe5 Be7 51. Rd8+ 1-0

[Event "III. Budapest Open"]
[Site "Budapest, Hungary"]
[Date "2013.08.22"]
[Round "6.13"]
[White "Gyimesi, Peter"]
[Black "Yip, Michael"]
[Result "0-1"]
[WhiteElo "1646"]
[BlackElo "2020"]
[PlyCount "52"]
[EventDate "2013.??.??"]

1. e4 c5 2. Nf3 e6 3. d4 cxd4 4. Nxd4 a6 5. Be3 Qc7 6. Bd3 Nf6 7. O-O Nc6 8.
Nxc6 Qxc6 9. e5 Ng8 10. Nd2 d5 11. exd6 Bxd6 12. Nc4 Bc7 13. Qg4 Ne7 14. Rad1
O-O 15. Bh6 Ng6 16. Bxg6 fxg6 17. Be3 e5 18. Qe2 Be6 19. Nd2 Rac8 20. Nb3 Bc4
21. Qg4 Bxf1 22. Kxf1 Bb6 23. Bxb6 Qxb6 24. Qg3 Rxc2 25. f3 Rxb2 26. Rd7 Qb5+
0-1

[Event "III. Budapest Open"]
[Site "Budapest, Hungary"]
[Date "2013.08.22"]
[Round "6.16"]
[White "Mihok, Laszlo"]
[Black "Foldi, Martin"]
[Result "0-1"]
[WhiteElo "2102"]
[BlackElo "1783"]
[PlyCount "66"]
[EventDate "2013.??.??"]

1. Nf3 Nf6 2. g3 b6 3. Bg2 Bb7 4. c4 c5 5. Nc3 Nc6 6. O-O g6 7. d3 Bg7 8. a3
O-O 9. Rb1 d5 10. cxd5 Nxd5 11. Bd2 Nd4 12. e4 Nxc3 13. bxc3 Nxf3+ 14. Qxf3 Ba6
15. c4 Qd7 16. Rfd1 Rad8 17. Bf1 Qa4 18. Bf4 Bb7 19. Bc1 f5 20. Qe2 fxe4 21.
Bb2 Bxb2 22. Rxb2 exd3 23. Qe6+ Rf7 24. Rbd2 Rd6 25. Qe3 Qc6 26. f4 Re6 27. Bg2
Rxe3 28. Bxc6 Bxc6 29. Rxd3 Rxd3 30. Rxd3 Rf6 31. Kf2 Rd6 32. Re3 Kf7 33. Ke2
Rd4 0-1

[Event "III. Budapest Open"]
[Site "Budapest, Hungary"]
[Date "2013.08.22"]
[Round "6.17"]
[White "Breznyan, Dorina"]
[Black "Lakat, Gyula"]
[Result "0-1"]
[WhiteElo "1261"]
[BlackElo "1863"]
[PlyCount "80"]
[EventDate "2013.??.??"]

1. d4 Nf6 2. Nf3 g6 3. Bf4 Bg7 4. e3 d6 5. Be2 Nh5 6. O-O O-O 7. Nbd2 b6 8. c4
c5 9. dxc5 Nxf4 10. exf4 bxc5 11. Qc2 Bf5 12. Qb3 Qb6 13. Qxb6 axb6 14. Nh4
Bxb2 15. Rad1 Bc2 16. Rde1 Rxa2 17. Bf3 Bc3 18. Rxe7 Bxd2 19. Rb7 Bxf4 20. Rxb6
Be5 21. Bd5 Nd7 22. Rb5 Nf6 23. Bc6 Bd3 24. Rc1 Bxc4 25. Rb7 Bd5 26. Bxd5 Nxd5
27. Nf3 Re8 28. Rcb1 Nb4 29. g3 h6 30. Re1 Nd3 31. Rf1 g5 32. Rb3 c4 33. Rb6 g4
34. Nh4 Nxf2 35. Rc6 Nh3+ 36. Kh1 c3 37. Rc1 Rea8 38. Nf5 Ra1 39. Rxa1 Rxa1+
40. Kg2 Rg1# 0-1

[Event "III. Budapest Open"]
[Site "Budapest, Hungary"]
[Date "2013.08.22"]
[Round "6.18"]
[White "Czimer, Jozsef"]
[Black "Peczeli, Zoltan"]
[Result "0-1"]
[WhiteElo "1704"]
[BlackElo "2036"]
[PlyCount "122"]
[EventDate "2013.??.??"]

1. e4 e6 2. d4 d5 3. Nd2 c5 4. exd5 exd5 5. Ngf3 Nf6 6. Bb5+ Bd7 7. Qe2+ Be7 8.
dxc5 O-O 9. Nb3 Re8 10. O-O a6 11. Bxd7 Nbxd7 12. Be3 Nxc5 13. Qd1 Nce4 14. h3
Bd6 15. Nbd4 g6 16. c3 Rc8 17. Ne2 b5 18. a3 Qc7 19. Rc1 Qb7 20. Rc2 Re7 21.
Qc1 Rec7 22. Bf4 a5 23. Bxd6 Nxd6 24. Nfd4 Qb6 25. Rd1 Nde4 26. Rd3 b4 27. axb4
axb4 28. Ng3 bxc3 29. bxc3 Qa6 30. Re3 Nxg3 31. Rxg3 Ne4 32. Re3 Qa5 33. Ne2
Rc4 34. f3 Nd6 35. Rd3 Qc5+ 36. Qe3 Qxe3+ 37. Rxe3 d4 38. Rd3 Nb5 39. Kf2 dxc3
40. Rd5 Na3 41. Rc1 Kg7 42. Ke3 c2 43. Kd3 Nb1 44. Rd4 R4c6 45. g4 Na3 46. f4
Nb5 47. Rd5 Nc3 48. Rd4 Na2 49. Kd2 Nxc1 50. Nxc1 Rc3 51. Rd3 Rxd3+ 52. Kxd3
Kf6 53. h4 h5 54. gxh5 gxh5 55. Kd2 Kf5 56. Nd3 c1=Q+ 57. Nxc1 Rxc1 58. Kxc1
Kxf4 59. Kd2 Kf3 60. Ke1 f5 61. Kf1 f4 0-1

[Event "III. Budapest Open"]
[Site "Budapest, Hungary"]
[Date "2013.08.22"]
[Round "6.19"]
[White "Rajcsanyi, Peter"]
[Black "Gyulai, David"]
[Result "1-0"]
[WhiteElo "1850"]
[BlackElo "1435"]
[PlyCount "189"]
[EventDate "2013.??.??"]

1. e4 e5 2. Nf3 Nc6 3. Bb5 Bc5 4. O-O Nge7 5. Nxe5 O-O 6. Nf3 a6 7. Ba4 Ng6 8.
c3 d5 9. Bc2 d4 10. d3 Nge5 11. Nbd2 dxc3 12. bxc3 Nxd3 13. Nb3 Nxc1 14. Rxc1
Ba7 15. h3 Qe7 16. Bb1 Rd8 17. Qc2 Ne5 18. Qe2 Qf6 19. Nbd4 g6 20. Nxe5 Qxe5
21. Nf3 Qa5 22. Qc4 Be6 23. Qb4 Bb6 24. a4 c5 25. Qb2 Rd7 26. Ne5 Rd6 27. Bc2
c4 28. Nf3 Rad8 29. Rb1 R8d7 30. e5 Rc6 31. Rfd1 Bd5 32. Nd4 Bxd4 33. Rxd4 Qc7
34. Re1 Re6 35. f4 f6 36. Be4 Bxe4 37. Rdxe4 g5 38. Qe2 b5 39. axb5 axb5 40.
Qg4 Kf7 41. fxg5 Rxe5 42. Rxe5 fxe5 43. Qf5+ Kg8 44. Qe6+ Rf7 45. g6 hxg6 46.
Qxg6+ Kf8 47. Qh6+ Kg8 48. Qg5+ Kf8 49. Qxe5 Qxe5 50. Rxe5 b4 51. cxb4 Rc7 52.
Re2 Rb7 53. Rb2 Ke7 54. Kf2 Kd6 55. Ke3 Kc6 56. Kd4 Kb5 57. Kc3 Ra7 58. Kc2 Ra1
59. Kd2 Rg1 60. Kc3 Rd1 61. Rd2 Rc1+ 62. Kb2 Re1 63. Kc3 Re3+ 64. Kd4 Rg3 65.
Rc2 Rd3+ 66. Ke4 Kxb4 67. Rc1 Rd2 68. Rb1+ Kc3 69. g3 Kc2 70. Rb7 Kd1 71. Rc7
Rc2 72. Rc5 c3 73. Kd3 Rh2 74. Rxc3 Rxh3 75. Ke4 Kd2 76. Rf3 Rh8 77. Rf5 Ke2
78. g4 Rh4 79. Kf4 Rh8 80. Rf6 Kf2 81. g5 Rh4+ 82. Kf5 Kg3 83. Rf7 Rf4+ 84. Kg6
Rh4 85. Kg7 Kg4 86. g6 Kg5 87. Rf6 Ra4 88. Rc6 Ra7+ 89. Kh8 Ra1 90. Kh7 Rh1+
91. Kg8 Rh6 92. Kf7 Kf4 93. Rc1 Ke5 94. Re1+ Kf5 95. Rg1 1-0

[Event "III. Budapest Open"]
[Site "Budapest, Hungary"]
[Date "2013.08.22"]
[Round "6.20"]
[White "Balla, Attila"]
[Black "Kancz, Csaba"]
[Result "0-1"]
[WhiteElo "1813"]
[BlackElo "1648"]
[PlyCount "98"]
[EventDate "2013.??.??"]

1. e4 c5 2. Nf3 d6 3. d3 h6 4. g3 b6 5. Bg2 Bb7 6. Nbd2 e6 7. O-O Nf6 8. Re1
Be7 9. c3 O-O 10. Nf1 Qc7 11. h4 Nbd7 12. Qe2 Ba6 13. N3h2 Ne5 14. c4 Rad8 15.
Ne3 Bb7 16. f4 Nc6 17. Nhg4 Nxg4 18. Qxg4 Bc8 19. Qh3 Nd4 20. f5 Kh7 21. g4 f6
22. Bf3 Bd7 23. Bd1 exf5 24. gxf5 Be8 25. h5 Bf7 26. Qg4 Nc6 27. Ng2 Ne5 28.
Qg3 Qd7 29. Nf4 Rg8 30. a3 a6 31. b3 b5 32. Ra2 Rb8 33. Rg2 bxc4 34. bxc4 Bd8
35. Kh1 Qe8 36. Reg1 Qf8 37. Qh3 Qe8 38. Rg3 Rb7 39. Qg2 Qf8 40. Ne6 Bxe6 41.
fxe6 Re7 42. Bg4 Nxg4 43. Rxg4 Rxe6 44. Rg6 Re5 45. Qg4 f5 46. Qh3 fxe4 47.
Bxh6 Qf3+ 48. Qxf3 exf3 49. Bxg7 Rxh5# 0-1

[Event "III. Budapest Open"]
[Site "Budapest, Hungary"]
[Date "2013.08.22"]
[Round "6.21"]
[White "Kovacsy, Barnabas"]
[Black "Szurkos, Andras"]
[Result "1-0"]
[WhiteElo "1508"]
[BlackElo "1786"]
[PlyCount "93"]
[EventDate "2013.??.??"]

1. e4 e5 2. Nf3 Nc6 3. Bb5 a6 4. Bxc6 dxc6 5. O-O Bg4 6. h3 Bxf3 7. Qxf3 Qf6 8.
Qxf6 Nxf6 9. d3 Bc5 10. Kh1 O-O-O 11. Nd2 b5 12. Nb3 Bb6 13. Bg5 Rd6 14. f4 Nd7
15. fxe5 Nxe5 16. Be7 Re6 17. Bc5 f6 18. Nd4 Ree8 19. Bxb6 cxb6 20. Nf5 Rd8 21.
Nxg7 Rd6 22. Nf5 Re6 23. Nd4 Rd6 24. Nf5 Re6 25. Ng7 Re7 26. Nh5 c5 27. Nxf6
Re6 28. Nd5 c4 29. Nf4 Rd6 30. dxc4 Nxc4 31. Nd3 Re8 32. Rae1 Rde6 33. Rf4 a5
34. Re2 a4 35. a3 Nd6 36. e5 Kd7 37. Rd4 Kc8 38. exd6 Rxe2 39. d7+ Kc7 40.
dxe8=Q Rxe8 41. Rd5 Re2 42. Nb4 Re1+ 43. Kh2 Rb1 44. Rxb5 Rc1 45. Rh5 Kd6 46.
Rxh7 Kc5 47. Nd3+ 1-0

[Event "III. Budapest Open"]
[Site "Budapest, Hungary"]
[Date "2013.08.22"]
[Round "6.24"]
[White "Karacsonyi, Kata"]
[Black "Czipp, Janos"]
[Result "1/2-1/2"]
[WhiteElo "1288"]
[BlackElo "1417"]
[PlyCount "38"]
[EventDate "2013.??.??"]

1. e4 e5 2. Nf3 d6 3. d4 exd4 4. Nxd4 Nf6 5. Nc3 Be7 6. Bc4 O-O 7. O-O Bd7 8.
Be3 Nc6 9. Qd3 Ne5 10. Qe2 c6 11. Bb3 Rc8 12. f4 Bg4 13. Qd2 Ned7 14. h3 Bh5
15. g4 Bxg4 16. hxg4 Nxg4 17. Nf5 Ndf6 18. Rfe1 Qd7 19. Kf1 Nxe4 1/2-1/2

[Event "III. Budapest Open"]
[Site "Budapest, Hungary"]
[Date "2013.08.22"]
[Round "6.25"]
[White "Breznyan, Annamaria"]
[Black "Ronyai, Imre"]
[Result "1-0"]
[WhiteElo "1302"]
[BlackElo "1591"]
[PlyCount "59"]
[EventDate "2013.??.??"]

1. e4 e5 2. Nf3 Nc6 3. Bc4 Nf6 4. d3 Be7 5. O-O O-O 6. Nc3 a6 7. a3 d6 8. h3 h5
9. Nd5 Nh7 10. b4 Bd7 11. Bb2 g5 12. Nh2 h4 13. Ng4 Kg7 14. Re1 f5 15. Nh2 Kg6
16. exf5+ Bxf5 17. Ng4 Qd7 18. Nge3 Rae8 19. d4 e4 20. Qe2 Bd8 21. Rad1 b5 22.
Bb3 Nb8 23. c4 Be6 24. Nc3 Nf6 25. Qd2 Bxh3 26. gxh3 Qxh3 27. Qe2 g4 28. Qf1
Qf3 29. Qg2 Kh5 30. cxb5 1-0

[Event "III. Budapest Open"]
[Site "Budapest, Hungary"]
[Date "2013.08.23"]
[Round "7.3"]
[White "Erdos, Boglarka"]
[Black "Palla, Akos Botond"]
[Result "1-0"]
[WhiteElo "2189"]
[BlackElo "2054"]
[PlyCount "111"]
[EventDate "2013.??.??"]

1. e4 c5 2. Nf3 d6 3. c3 Nf6 4. h3 Nc6 5. Bd3 e6 6. Bc2 Be7 7. d4 d5 8. e5 Nd7
9. O-O O-O 10. Re1 f5 11. exf6 Nxf6 12. Bg5 c4 13. Nbd2 Ne8 14. h4 Nd6 15. Bxe7
Qxe7 16. Ng5 h6 17. Qh5 Qf6 18. Nh3 Nf5 19. Bxf5 Qxf5 20. Qxf5 Rxf5 21. Re3 Bd7
22. Rae1 b5 23. g3 g5 24. hxg5 hxg5 25. g4 Rf6 26. Nf3 Rg6 27. Ne5 Nxe5 28.
Rxe5 Kf7 29. Nxg5+ Kf6 30. f4 Rh8 31. Kg2 a5 32. Kg3 Rgh6 33. Ne4+ Kf7 34. Ng5+
Kf6 35. a3 Rh2 36. R5e2 R2h4 37. Rg2 Bc8 38. Ree2 Rh1 39. Rh2 Rg1+ 40. Reg2
Rxh2 41. Kxh2 Rd1 42. Nf3 Rd3 43. Ne5 Rd1 44. g5+ Kg7 45. Kg3 b4 46. axb4 axb4
47. g6 bxc3 48. bxc3 Rc1 49. Rh2 Rxc3+ 50. Kg4 Rc1 51. Rh7+ Kg8 52. Rc7 Rg1+
53. Kh5 Ba6 54. Ng4 c3 55. Nf6+ Kf8 56. Rf7# 1-0

[Event "III. Budapest Open"]
[Site "Budapest, Hungary"]
[Date "2013.08.23"]
[Round "7.5"]
[White "Papagorasz, Takisz"]
[Black "Mester, Attila"]
[Result "1/2-1/2"]
[WhiteElo "2163"]
[BlackElo "2073"]
[PlyCount "131"]
[EventDate "2013.??.??"]

1. d4 f5 2. c4 Nf6 3. Nf3 g6 4. g3 Bg7 5. Bg2 O-O 6. O-O d6 7. Nc3 Qe8 8. Nd5
Nxd5 9. cxd5 Nd7 10. Ng5 Nf6 11. Qb3 h6 12. Ne6 Bxe6 13. dxe6 Rb8 14. d5 a6 15.
Be3 c5 16. a4 b6 17. f3 g5 18. Bf2 f4 19. Rfd1 fxg3 20. hxg3 Nh5 21. Qc2 Be5
22. g4 Nf4 23. Bf1 h5 24. e3 hxg4 25. fxg4 Ng6 26. Bd3 Rf6 27. Kg2 Rxf2+ 28.
Qxf2 Nh4+ 29. Kg1 Bf6 30. Rf1 Qc8 31. Qe2 Qb7 32. Rad1 b5 33. axb5 axb5 34. Bb1
Kg7 35. Rf2 Rh8 36. b3 Qb6 37. Bd3 Qa5 38. Qc2 Qb4 39. Be4 Ra8 40. Rdf1 c4 41.
bxc4 bxc4 42. Rxf6 exf6 43. Qb1 Qb3 44. Qxb3 cxb3 45. Rb1 Rb8 46. Rb2 Rb4 47.
Bf5 Nf3+ 48. Kg2 Ne5 49. Kg3 Nc4 50. Rh2 Nxe3 51. Rh7+ Kg8 52. e7 Nxf5+ 53.
gxf5 Rb8 54. e8=Q+ Rxe8 55. Rb7 Re3+ 56. Kg4 Kf8 57. Kh5 Ke8 58. Rb4 Ke7 59.
Rb7+ Kd8 60. Rb4 Rf3 61. Kg6 g4 62. Rxg4 b2 63. Rb4 Rf2 64. Kxf6 Kd7 65. Rb7+
Kc8 66. Rb3 1/2-1/2

[Event "III. Budapest Open"]
[Site "Budapest, Hungary"]
[Date "2013.08.23"]
[Round "7.7"]
[White "Bartuszek, Andras"]
[Black "Szepes, Tamas"]
[Result "0-1"]
[WhiteElo "1844"]
[BlackElo "2248"]
[PlyCount "98"]
[EventDate "2013.??.??"]

1. e4 e5 2. Nf3 Nc6 3. Bb5 a6 4. Bxc6 dxc6 5. d3 Bd6 6. Be3 Ne7 7. Nbd2 O-O 8.
Nc4 f6 9. h3 Be6 10. Ncd2 c5 11. g4 Nc6 12. Nh4 Qd7 13. Nf5 Nd4 14. c3 Qb5 15.
Qb1 Qc6 16. f3 Nb5 17. a4 Na7 18. h4 b5 19. a5 Qd7 20. h5 Rad8 21. Ke2 Nc6 22.
b3 Rb8 23. Qc2 b4 24. c4 Nd4+ 25. Bxd4 exd4 26. Nxd6 Qxd6 27. Nf1 Rbe8 28. Kf2
Re7 29. Qd2 Qe5 30. Ng3 Qg5 31. Qxg5 fxg5 32. Nf5 Ref7 33. Kg2 Bxf5 34. gxf5 g6
35. hxg6 hxg6 36. Rh6 gxf5 37. Rah1 fxe4 38. dxe4 Rg7 39. Rxa6 g4 40. f4 Rxf4
41. Ra8+ Kf7 42. a6 g3 43. Rf1 Rxf1 44. Kxf1 Rg6 45. Rc8 Rxa6 46. Rxc7+ Ke6 47.
Rxc5 d3 48. Rg5 Ra1+ 49. Kg2 d2 0-1

[Event "III. Budapest Open"]
[Site "Budapest, Hungary"]
[Date "2013.08.23"]
[Round "7.8"]
[White "Kormos, Adam"]
[Black "Juhasz, Mark"]
[Result "1/2-1/2"]
[WhiteElo "2198"]
[BlackElo "2154"]
[PlyCount "144"]
[EventDate "2013.??.??"]

1. e4 c6 2. c4 d5 3. cxd5 cxd5 4. exd5 Nf6 5. Qa4+ Nbd7 6. Nc3 g6 7. Bc4 Bg7 8.
Nf3 a6 9. d3 O-O 10. Qa3 b6 11. O-O Bb7 12. Re1 Re8 13. Be3 b5 14. Bb3 Nb6 15.
Bxb6 Qxb6 16. Qb4 Qd8 17. a4 Nxd5 18. Nxd5 Bxd5 19. axb5 Bxb3 20. Qxb3 Qb6 21.
d4 Qxb5 22. Qxb5 axb5 23. g3 Bf6 24. Ne5 Rxa1 25. Rxa1 Rd8 26. Nc6 Rd6 27. Rc1
Bxd4 28. Nxe7+ Kf8 29. Nc8 Rd8 30. b3 b4 31. Rc6 Be5 32. Nb6 Rd6 33. Rxd6 Bxd6
34. Kf1 Kg7 35. Nd5 g5 36. Ke2 Kg6 37. h3 Kf5 38. Kd3 h5 39. Ne3+ Ke6 40. Kc4
f5 41. Nd5 g4 42. hxg4 fxg4 43. Nxb4 Ke5 44. Nd3+ Ke4 45. b4 Bc7 46. Kc3 Bd8
47. b5 h4 48. gxh4 Bxh4 49. b6 Bd8 50. b7 Bc7 51. Kc4 Bd6 52. Nc5+ Kf3 53. Kd5
Bh2 54. Nd3 Bb8 55. Ne5+ Kf4 56. Nd3+ Kf3 57. Ne5+ Kf4 58. Nc6 Bc7 59. Nd4 Bb8
60. Ke6 Ke4 61. Nb5 Kf3 62. Kf5 Kxf2 63. Kxg4 Ke3 64. Kf5 Kd3 65. Ke6 Kc4 66.
Na3+ Kb4 67. Nb1 Kc5 68. Kd7 Kb6 69. Kc8 Bh2 70. Nc3 Kc6 71. Ne4 Bf4 72. Ng5
Bh2 1/2-1/2

[Event "III. Budapest Open"]
[Site "Budapest, Hungary"]
[Date "2013.08.23"]
[Round "7.9"]
[White "Yip, Michael"]
[Black "Bakk, Zoltan"]
[Result "0-1"]
[WhiteElo "2020"]
[BlackElo "2070"]
[PlyCount "64"]
[EventDate "2013.??.??"]

1. d4 e6 2. c4 Bb4+ 3. Nc3 c5 4. e3 Nc6 5. a3 Bxc3+ 6. bxc3 d6 7. Bd3 e5 8. Ne2
Nge7 9. O-O f5 10. f3 O-O 11. Bd2 b6 12. Ng3 Ba6 13. Qe2 Qd7 14. d5 Na5 15. a4
Rf7 16. Rfb1 Kf8 17. e4 f4 18. Nh1 Ke8 19. Nf2 Kd8 20. Ra2 Kc7 21. Nd1 h5 22.
Be1 g5 23. Nf2 Rg7 24. h3 Ng8 25. Rbb2 Nf6 26. Kh1 Rag8 27. Qf1 g4 28. fxg4
hxg4 29. Nxg4 Nxg4 30. hxg4 Rxg4 31. Kg1 Qh7 32. Rf2 Rh4 0-1

[Event "III. Budapest Open"]
[Site "Budapest, Hungary"]
[Date "2013.08.23"]
[Round "7.10"]
[White "Furedi, Erik"]
[Black "Koncz, Imre"]
[Result "0-1"]
[WhiteElo "1927"]
[BlackElo "2181"]
[PlyCount "60"]
[EventDate "2013.??.??"]

1. e4 c5 2. Nf3 Nc6 3. d3 g6 4. g3 Bg7 5. Bg2 e6 6. O-O Nge7 7. Qe2 O-O 8. c3
d6 9. Be3 f5 10. Nbd2 h6 11. Rfe1 e5 12. exf5 Nxf5 13. Nf1 Be6 14. d4 cxd4 15.
cxd4 e4 16. N3d2 d5 17. Nb3 Nfxd4 18. Nxd4 Nxd4 19. Qd2 Qf6 20. Rad1 Nf3+ 21.
Bxf3 Qxf3 22. Bf4 Qh5 23. Rc1 Rf7 24. Re3 Bg4 25. Rc5 Bf3 26. Qxd5 Qh3 27. Rxf3
exf3 28. Qxf3 g5 29. Rc7 Raf8 30. Be5 Rxc7 0-1

[Event "III. Budapest Open"]
[Site "Budapest, Hungary"]
[Date "2013.08.23"]
[Round "7.11"]
[White "Bodrogi, Laszlo"]
[Black "Gubics, Peter"]
[Result "1-0"]
[WhiteElo "2015"]
[BlackElo "2113"]
[PlyCount "181"]
[EventDate "2013.??.??"]

1. d4 Nf6 2. c4 g6 3. Nc3 d5 4. Nf3 Bg7 5. Qb3 dxc4 6. Qxc4 O-O 7. e4 a6 8. Qb3
b5 9. Be2 Bb7 10. e5 Nd5 11. O-O c5 12. dxc5 Nxc3 13. Qxc3 Qc7 14. Bf4 a5 15.
Bxb5 Na6 16. c6 Bc8 17. Rfe1 Nb4 18. Bg3 Qb6 19. Nd4 Rd8 20. Red1 Bg4 21. c7
Rdc8 22. Rdc1 Ra7 23. Qc5 Qxc5 24. Rxc5 Raxc7 25. Rxc7 Rxc7 26. a3 Nd5 27. Nb3
Rc2 28. Nxa5 Rxb2 29. Bc4 Nc3 30. f3 Bd7 31. Nb3 Bh6 32. Bf2 Na4 33. Nd4 Bf4
34. e6 fxe6 35. Nxe6 Bxe6 36. Bxe6+ Kf8 37. g3 Bd6 38. Rc1 Re2 39. Bb3 Nb2 40.
Rc8+ Kg7 41. Kf1 Rd2 42. Rg8+ Kf6 43. Rf8+ Ke5 44. Be1 Rd3 45. f4+ Kd4 46. Bf2+
Kc3 47. Be6 Bxa3 48. Rc8+ Kd2 49. f5 Nd1 50. fxg6 hxg6 51. Be1+ Ke3 52. Rc2 Kf3
53. Rd2 Ne3+ 54. Kg1 Rxd2 55. Bxd2 Bc5 56. Be1 Ng2+ 57. Kf1 Ne3+ 58. Kg1 Nc2+
59. Kf1 Nxe1 60. Kxe1 Bg1 61. Bd5+ Kg4 62. Be6+ Kf3 63. Bd5+ Ke3 64. Kf1 Bf2
65. Be6 g5 66. Bg4 e5 67. Bh5 e4 68. Bg4 Bxg3 69. hxg3 Kd2 70. Bh5 Ke3 71. Ke1
Kd3 72. Bg4 Ke3 73. Be2 Kd4 74. Kf2 Kd5 75. Ke3 Ke5 76. Bh5 Kf5 77. Bd1 Ke5 78.
Bc2 Kf5 79. Bxe4+ Kg4 80. Kf2 Kh3 81. Bf5+ Kh2 82. Kf3 Kg1 83. g4 Kh2 84. Bd3
Kh3 85. Bf1+ Kh4 86. Bb5 Kh3 87. Bd7 Kh4 88. Ke4 Kg3 89. Ke5 Kf3 90. Kf6 Kf4
91. Kg6 1-0

[Event "III. Budapest Open"]
[Site "Budapest, Hungary"]
[Date "2013.08.23"]
[Round "7.12"]
[White "Lakat, Gyula"]
[Black "Csabai, Viktor"]
[Result "0-1"]
[WhiteElo "1863"]
[BlackElo "2034"]
[PlyCount "66"]
[EventDate "2013.??.??"]

1. d4 g6 2. c4 Bg7 3. Nf3 Nf6 4. Nc3 c5 5. d5 d6 6. e4 O-O 7. h3 a6 8. Bd3 e6
9. O-O e5 10. Be3 Nh5 11. Nh2 Nd7 12. Ne2 Qe7 13. g4 Nf4 14. Nxf4 exf4 15. Bxf4
Bxb2 16. Rb1 Bg7 17. Bg3 Ne5 18. f4 Nxd3 19. Qxd3 b5 20. Nf3 bxc4 21. Qxc4 a5
22. Rfe1 Ba6 23. Qc2 Rfb8 24. e5 Rxb1 25. Rxb1 Qd7 26. Qd2 Bb7 27. Rd1 a4 28.
Kh2 Rd8 29. Bh4 Re8 30. a3 dxe5 31. Nxe5 Bxe5 32. fxe5 Rxe5 33. Bf6 Rxd5 0-1

[Event "III. Budapest Open"]
[Site "Budapest, Hungary"]
[Date "2013.08.23"]
[Round "7.13"]
[White "Foldi, Martin"]
[Black "Alvin, Leo"]
[Result "0-1"]
[WhiteElo "1783"]
[BlackElo "2005"]
[PlyCount "80"]
[EventDate "2013.??.??"]

1. e4 c5 2. c3 g6 3. Nf3 Bg7 4. d4 cxd4 5. cxd4 d5 6. exd5 Nf6 7. Bb5+ Nbd7 8.
d6 O-O 9. O-O exd6 10. Nc3 a6 11. Bc4 b5 12. Bb3 Bb7 13. a4 b4 14. Nb1 a5 15.
h3 Nb6 16. Bg5 Qd7 17. Nbd2 Rac8 18. Re1 Rc7 19. Qe2 Rfc8 20. Bxf6 Bxf6 21. Ne4
Bg7 22. Bxf7+ Kxf7 23. Nfg5+ Kg8 24. Qf3 Rf8 25. Qg3 h6 26. Nf3 Bxe4 27. Rxe4
Kh7 28. Rae1 Nd5 29. h4 Rf5 30. Re6 Nf4 31. R6e4 Qf7 32. Qh2 Nd3 33. Rb1 Rxf3
34. gxf3 Qxf3 35. Re3 Qf5 36. Rd1 Qg4+ 37. Qg3 Qxd1+ 38. Kh2 Nxf2 39. Kg2 Rc1
40. Qxf2 Rc2 0-1